000
00318nam a2200121Ia 4500
008
240624s9999 xx 000 0 und d
041
_a
eng
082
_a
658.81 MAC
100
_a
MACTEAR JOHN
245
_a
FAST TRACK TO SUCCESS SALES
260
_c
2009
_a
London
_b
FT Prentice Hall
300
_a
xix, : 212 : p. : cm. ; 23
999
_c
21518
_d
21518